El libro de mi destino /

Zapisane w:
Opis bibliograficzny
1. autor: Saniee, Parinoush (autor)
Format: Książka
Język:hiszpański
Wydane: Barcelona, España : Salamandra, 2014, c2014
Seria:(Narrativa Salamandra)
Hasła przedmiotowe:
Etykiety: Dodaj etykietę
Nie ma etykietki, Dołącz pierwszą etykiete!

MARC

LEADER 00000nam^a2200000^a^4500
001 000350364
005 20250521000000.0
009 20260310114939.582
020 |a 978-84-9838-595-3 
037 |a Acervo ITESO - Biblioteca 
041 |a ESP 
082 |a 891. 52  |b SAN 
100 |a Saniee, Parinoush  |e (autor) 
245 1 3 |a El libro de mi destino /  |c P. Saniee ; tr. por Gemma Rovira Ortega. 
264 4 |a Barcelona, España :  |b Salamandra,  |c 2014, c2014 
300 |a 441 p. 
336 |a texto  |b txt  |2 rdacontenido 
337 |a sin mediación  |b n  |2 rdamedio 
338 |a volumen  |b nc  |2 rdasoporte 
440 1 |a (Narrativa Salamandra) 
500 |a Traducción de: Sahme Man 
649 |a XX 
650 |a Mujeres Iraníes -  |x Condiciones Sociales y Culturales -  |x Tema Principal 
650 |a Novela Iraní 
650 |a Literatura y Sociedad -  |z Irán 
650 |a Literatura de Mujeres -  |z Irán 
650 |a Literatura Iraní -  |y Siglo XXI 
650 |a Irán -  |x Historia -  |y Revolución Islámica, 1978-1979 
650 |a Irán -  |x Historia -  |y Mohamed Reza Pahlevi, 1941-1979 
650 |a Irán -  |x Historia -  |y Dinastía Pahlevi, 1925-1979 
650 |a Irán -  |x Historia -  |y República Islámica, 1979 en Adelante 
650 |a Irán -  |x Historia -  |y Siglo XX 
910 |a Fondo General 
920 |a Impresos - Libros 
930 |a Colección General 
940 |a Literatura 
905 |a 101 
901 |a 0500240691  |b IT1  |c LIT  |i C144241  |u 20250521 
902 |a https://opac.biblio.iteso.mx/vufind/Record/000350364